[Event "Futurity Kickoff"]
[Site "Ann Arbor, Mich."]
[Date "1982.10.17"]
[Round "4"]
[White "Laren, Phil"]
[Black "Moody, David"]
[Result "1-0"]
[WhiteElo "2096"]
[BlackElo "2085"]
[PlyCount "51"]
[EventDate "1982.10.16"]

1. e4 e5 2. Bc4 Nf6 3. Nc3 Nc6 4. d3 Bc5 5. f4 d6 6. Nf3 Qe7 7. Na4 Bg4 8. Nxc5
dxc5 9. Bb5 O-O 10. Bxc6 bxc6 11. O-O Rab8 12. b3 Nd7 13. f5 c4 14. bxc4 Qc5+
15. Kh1 Rb7 16. h3 Bxf3 17. Qxf3 Rfb8 18. f6 g6 19. Be3 Qd6 20. Qf2 Rb2 21. a4
a5 22. Bc1 Rb1 23. Rxb1 Rxb1 24. Kh2 Ra1 25. Qa7 Nxf6 26. Bh6 1-0

[Event "Futurity Kickoff"]
[Site "Ann Arbor, Mich."]
[Date "1982.10.17"]
[Round "3"]
[White "Decker, Dale"]
[Black "Moody, David"]
[Result "0-1"]
[WhiteElo "1744"]
[BlackElo "2085"]
[PlyCount "30"]
[EventDate "1982.10.16"]

1. Nf3 f5 2. e4 e5 3. d3 d6 4. Bg5 Nf6 5. Nc3 Be7 6. g3 fxe4 7. dxe4 O-O 8. h3
Be6 9. Bg2 Nbd7 10. Qd2 Nc5 11. Bxf6 Bxf6 12. O-O-O c6 13. b4 Be7 14. bxc5 Rxf3
15. Bxf3 Bg5 0-1

[Event "24th UMD Tornado"]
[Site "Dearborn, Mich."]
[Date "1982.10.23"]
[Round "4"]
[White "Thompson, Earl"]
[Black "Moody, David"]
[Result "0-1"]
[WhiteElo "1833"]
[BlackElo "2085"]
[PlyCount "40"]
[EventDate "1982.10.23"]

1. Nf3 d5 2. g3 c6 3. Bg2 Bf5 4. O-O Nd7 5. d3 Ngf6 6. Nbd2 h6 7. Nh4 Bh7 8. e4
dxe4 9. dxe4 e6 10. Qe2 Be7 11. Kh1 Qc7 12. Re1 O-O-O 13. c4 g5 14. Nhf3 Rdg8
15. a3 h5 16. h4 gxh4 17. Nxh4 Ng4 18. Ndf3 Nc5 19. Nd2 Bxh4 20. gxh4 Qh2# 0-1

[Event "24th UMD Tornado"]
[Site "Dearborn, Mich."]
[Date "1982.10.23"]
[Round "4"]
[White "Moody, David"]
[Black "Jackson, James"]
[Result "0-1"]
[WhiteElo "2085"]
[BlackElo "1803"]
[PlyCount "76"]
[EventDate "1982.10.23"]

1. e4 c5 2. Nf3 d6 3. d3 Nc6 4. g3 g6 5. Bg2 Bg7 6. Nc3 Nf6 7. O-O O-O 8. h3
Bd7 9. Be3 Ne8 10. Qd2 f5 11. exf5 Bxf5 12. Ng5 Nf6 13. Nd5 Ne8 14. Nf4 Nc7 15.
c3 Kh8 16. h4 h6 17. Nf3 Qe8 18. Nh2 e5 19. Nd5 Nxd5 20. Bxd5 Kh7 21. Rae1 Qd7
22. f3 Be6 23. Bxe6 Qxe6 24. Kg2 b6 25. Ng4 h5 26. Nf2 d5 27. f4 d4 28. Bxd4
cxd4 29. Ne4 Bh6 30. cxd4 Nxd4 31. Kh2 Qg4 32. Qg2 exf4 33. Nf6+ Rxf6 34. Qxa8
Qxg3+ 35. Kh1 f3 36. Re7+ Bg7 37. Rxf3 Qxf3+ 38. Qxf3 Rxf3 0-1

[Event "24th UMD Tornado"]
[Site "Dearborn, Mich."]
[Date "1982.10.23"]
[Round "2"]
[White "Moody, David"]
[Black "Hamilton, Robert"]
[Result "1-0"]
[WhiteElo "2085"]
[BlackElo "1518"]
[PlyCount "45"]
[EventDate "1982.10.23"]

1. e4 c5 2. Nf3 d6 3. d4 cxd4 4. Nxd4 Nf6 5. Nc3 a6 6. Bg5 e6 7. f4 Nbd7 8. Qf3
Qc7 9. O-O-O b5 10. g4 Bb7 11. Bxf6 gxf6 12. Be2 Rc8 13. Rhe1 e5 14. Bxb5 exd4
15. Bxd7+ Kxd7 16. Rxd4 Bg7 17. Qd3 f5 18. e5 fxg4 19. Qf5+ Kd8 20. Qg5+ f6 21.
exf6 Bf8 22. f7+ Kd7 23. Qxg4+ 1-0

[Event "24th UMD Tornado"]
[Site "Dearborn, Mich."]
[Date "1982.10.23"]
[Round "1"]
[White "Bostic, Donald"]
[Black "Moody, David"]
[Result "1/2-1/2"]
[WhiteElo "1560"]
[BlackElo "2085"]
[PlyCount "102"]
[EventDate "1982.10.23"]

1. e4 e5 2. Nf3 Nc6 3. Bc4 Nf6 4. d3 Bc5 5. Nc3 d6 6. h3 Na5 7. Bg5 Nxc4 8.
dxc4 Be6 9. Nd5 Bxd5 10. cxd5 Bxf2+ 11. Kxf2 Nxe4+ 12. Ke1 Nxg5 13. Nxg5 Qxg5
14. Qf3 O-O 15. h4 Qg6 16. c4 Qc2 17. b3 e4 18. Qe2 Qxe2+ 19. Kxe2 f5 20. g3
Rae8 21. Ke3 Kf7 22. Rhf1 Kf6 23. g4 Ke5 24. gxf5 Rxf5 25. Rxf5+ Kxf5 26. Rf1+
Kg6 27. Rg1+ Kh6 28. Rf1 Re7 29. b4 Kh5 30. Rf4 g6 31. c5 Re5 32. Rf7 Kxh4 33.
Rxh7+ Kg4 34. Rxc7 dxc5 35. d6 Kf5 36. bxc5 Rd5 37. Rf7+ Ke6 38. Re7+ Kf6 39.
Kxe4 Rxc5 40. Rxb7 Ra5 41. Rb2 Ke6 42. Rd2 Kd7 43. Kf4 Rf5+ 44. Kg4 a5 45. a4
Rf6 46. Rd5 Rf5 47. Rd4 Rc5 48. Kf4 Rf5+ 49. Kg4 Rc5 50. Kf4 Rc6 51. Rd5 Rxd6
1/2-1/2

[Event "25th UMD Tornado"]
[Site "Dearborn, Mich."]
[Date "1982.11.13"]
[Round "4"]
[White "Stokes, Ronald"]
[Black "Moody, David"]
[Result "0-1"]
[WhiteElo "1790"]
[BlackElo "1843"]
[PlyCount "77"]
[EventDate "1982.11.13"]

1. d4 f5 2. c4 Nf6 3. Nc3 e6 4. Nf3 Bb4 5. a3 Bxc3+ 6. bxc3 Ne4 7. Qc2 b6 8. e3
Bb7 9. Bd3 d6 10. O-O Nd7 11. Nd2 Ndf6 12. f3 Nxd2 13. Bxd2 O-O 14. e4 fxe4 15.
fxe4 e5 16. Bg5 Qd7 17. Bxf6 gxf6 18. Rf3 f5 19. Rxf5 Rxf5 20. exf5 exd4 21.
cxd4 Qg7 22. Qf2 Re8 23. Ra2 Kh8 24. d5 Qc3 25. Bf1 Ba6 26. f6 Rf8 27. Rc2 Qxf6
28. Qxf6+ Rxf6 29. Rc3 Rf4 30. g3 Rd4 31. Kf2 Kg7 32. Bd3 h5 33. h3 Kf6 34. Ke3
Ke5 35. Rc2 Bc8 36. h4 Rg4 37. Re2 Bd7 38. Rg2 Ba4 39. Rg1 0-1

[Event "25th UMD Tornado"]
[Site "Dearborn, Mich."]
[Date "1982.11.13"]
[Round "1"]
[White "Moody, David"]
[Black "Swathell, Gary"]
[Result "1-0"]
[WhiteElo "1843"]
[BlackElo "1516"]
[PlyCount "43"]
[EventDate "1982.11.13"]

1. e4 c5 2. Nf3 Nc6 3. d4 cxd4 4. Nxd4 d6 5. Bc4 Nf6 6. Nc3 g6 7. Nxc6 bxc6 8.
e5 Ng4 9. Bf4 Bg7 10. e6 Nf6 11. exf7+ Kf8 12. Qf3 d5 13. O-O-O Kxf7 14. Nxd5
Be6 15. Nxf6 Qxd1+ 16. Rxd1 Bxc4 17. Ng4 Bd5 18. Rxd5 cxd5 19. Qxd5+ e6 20.
Qd7+ Kf8 21. Bd6+ Kg8 22. Qxe6# 1-0

[Event "25th UMD Tornado"]
[Site "Dearborn, Mich."]
[Date "1982.11.13"]
[Round "3"]
[White "Moody, David"]
[Black "Leveson, Morris"]
[Result "0-1"]
[WhiteElo "1843"]
[BlackElo "2044"]
[PlyCount "40"]
[EventDate "1982.11.13"]

1. e4 c5 2. Nf3 d6 3. d3 Nc6 4. g3 g6 5. Bg2 Bg7 6. O-O e6 7. Re1 Nge7 8. Nc3
O-O 9. Be3 Nd4 10. Qd2 Rb8 11. Rab1 Nec6 12. Nd1 Qa5 13. Bxd4 Qxd2 14. Nxd2
cxd4 15. b4 b5 16. f4 Bd7 17. Rb3 Rfc8 18. a3 a5 19. c4 dxc3 20. Nxc3 a4 0-1

[Event "25th UMD Tornado"]
[Site "Dearborn, Mich."]
[Date "1982.11.13"]
[Round "2"]
[White "McKinney, Tyrone"]
[Black "Moody, David"]
[Result "0-1"]
[WhiteElo "1728"]
[BlackElo "1843"]
[PlyCount "36"]
[EventDate "1982.11.13"]

1. e4 e5 2. Nf3 Nc6 3. Bb5 a6 4. Ba4 Nf6 5. O-O Be7 6. Re1 b5 7. Bb3 O-O 8. c3
d5 9. exd5 Nxd5 10. Nxe5 Nxe5 11. Rxe5 c6 12. d4 Bd6 13. Re2 Qh4 14. g3 Qh3 15.
Qf1 Qh5 16. h4 Bh3 17. Qe1 Qf3 18. Bxd5 cxd5 0-1

[Event "Saginaw Valley Open (November)"]
[Site "Saginaw, Mich."]
[Date "1982.11.20"]
[Round "3"]
[White "Moody, David"]
[Black "Szczypka, Tom"]
[Result "1-0"]
[WhiteElo "1843"]
[BlackElo "1932"]
[PlyCount "119"]
[EventDate "1982.11.20"]

1. e4 c6 2. d3 e5 3. Nf3 Nf6 4. Nbd2 d6 5. g3 Bg4 6. h3 Be6 7. Bg2 Be7 8. Nc4
b5 9. Ne3 g6 10. O-O Nh5 11. Qe2 Qd7 12. Kh2 Bf6 13. Ng1 Qc7 14. Ng4 Bg7 15. f4
exf4 16. gxf4 Na6 17. c3 O-O 18. d4 f5 19. d5 Bc8 20. exf5 Bxf5 21. dxc6 Nc5
22. Nf2 a6 23. Bd5+ Kh8 24. Be3 Rae8 25. Qd2 Qe7 26. Rae1 Qh4 27. Nf3 Qg3+ 28.
Kh1 Ne4 29. Nxe4 Qxh3+ 30. Qh2 Qxh2+ 31. Kxh2 Bxe4 32. Bxe4 Rxe4 33. Ng5 Re7
34. Bb6 Rxe1 35. Rxe1 Nxf4 36. c7 Be5 37. Nf7+ Kg7 38. Nxe5 dxe5 39. Rxe5 Kf6
40. Bd4 Ne6 41. Rc5+ Nxd4 42. c8=Q Rxc8 43. Rxc8 Nf3+ 44. Kg3 Ne5 45. Ra8 Ke6
46. Rxa6+ Kd5 47. Ra5 Kc6 48. a4 Nc4 49. Rxb5 Nb6 50. Rxb6+ Kxb6 51. b4 h5 52.
Kh4 Ka6 53. c4 Kb6 54. c5+ Kc6 55. Kg5 Kd5 56. a5 Kc6 57. a6 Kc7 58. b5 Kc8 59.
b6 Kb8 60. c6 1-0

[Event "Saginaw Valley Open (November)"]
[Site "Saginaw, Mich."]
[Date "1982.11.20"]
[Round "2"]
[White "Moody, David"]
[Black "Grunlach, Eouglas"]
[Result "1-0"]
[WhiteElo "1843"]
[BlackElo "1507"]
[PlyCount "69"]
[EventDate "1982.11.20"]

1. e4 c5 2. Nf3 Nc6 3. d4 cxd4 4. Nxd4 Nf6 5. Nc3 e6 6. Ndb5 Bb4 7. Nd6+ Bxd6
8. Qxd6 Qe7 9. Bf4 O-O 10. Nb5 Ne8 11. Qxe7 Nxe7 12. Bd6 Nxd6 13. Nxd6 f5 14.
f3 fxe4 15. fxe4 Nc6 16. O-O-O b6 17. Bb5 a6 18. Bxc6 dxc6 19. e5 Ra7 20. Rhf1
Bd7 21. Rxf8+ Kxf8 22. Rf1+ Kg8 23. Rf7 c5 24. Kd2 h6 25. h4 g5 26. hxg5 hxg5
27. Ke3 Rc7 28. Kf2 Ra7 29. Kg3 Rc7 30. Kg4 c4 31. Kxg5 c3 32. b3 b5 33. Kh6 b4
34. Rg7+ Kf8 35. Kh7 1-0

[Event "Saginaw Valley Open (November)"]
[Site "Saginaw, Mich."]
[Date "1982.11.20"]
[Round "1"]
[White "Cooper, Kevin"]
[Black "Moody, David"]
[Result "1/2-1/2"]
[WhiteElo "1463"]
[BlackElo "1843"]
[PlyCount "52"]
[EventDate "1982.11.20"]

1. d4 f5 2. c4 e6 3. Nc3 Nf6 4. Bg5 Be7 5. e3 O-O 6. Nf3 b6 7. Bd3 Bb7 8. O-O
Qe8 9. Re1 h6 10. Bxf6 Bxf6 11. e4 f4 12. Qc2 Qh5 13. Be2 d6 14. e5 dxe5 15.
Nxe5 Qg5 16. Bf3 Bxf3 17. Nxf3 Qf5 18. Qe4 Qxe4 19. Rxe4 Nc6 20. Rxf4 Rad8 21.
Rd1 Bxd4 22. Rxf8+ Kxf8 23. Nxd4 Rxd4 24. Rxd4 Nxd4 25. Kf1 Ke7 26. Ne4 Nf5
1/2-1/2

[Event "Saginaw Valley Open (November)"]
[Site "Saginaw, Mich."]
[Date "1982.11.21"]
[Round "5"]
[White "Moody, David"]
[Black "Shaler, Scott"]
[Result "1-0"]
[WhiteElo "1843"]
[BlackElo "1685"]
[PlyCount "73"]
[EventDate "1982.11.20"]

1. e4 c6 2. d3 g6 3. Nf3 Bg7 4. g3 d6 5. Bg2 Nf6 6. O-O O-O 7. Re1 Nbd7 8. Nbd2
Qc7 9. Nf1 Re8 10. h4 Ng4 11. Ng5 Ndf6 12. f3 Ne5 13. d4 Ned7 14. c4 c5 15. d5
Ne5 16. Ne3 h6 17. Nh3 Bd7 18. Nf2 Qc8 19. Rb1 b5 20. b3 Rb8 21. Bb2 h5 22. Qc2
Nh7 23. f4 Ng4 24. e5 Nxe3 25. Rxe3 Bf5 26. Be4 Bxe4 27. Nxe4 f5 28. exf6 exf6
29. Nxd6 Qd7 30. Nxe8 Rxe8 31. Rxe8+ Qxe8 32. Qf2 Bf8 33. Re1 Qd7 34. Qe2 Kg7
35. Qe6 Qxe6 36. dxe6 Be7 37. cxb5 1-0

[Event "Saginaw Valley Open (November)"]
[Site "Saginaw, Mich."]
[Date "1982.11.21"]
[Round "4"]
[White "Ardin, Mark"]
[Black "Moody, David"]
[Result "1-0"]
[WhiteElo "1895"]
[BlackElo "1843"]
[PlyCount "43"]
[EventDate "1982.11.20"]

1. c4 e5 2. Nc3 Nc6 3. d3 f5 4. g3 Bb4 5. Bg2 Bxc3+ 6. bxc3 Nf6 7. e3 O-O 8.
Ne2 d5 9. cxd5 Nxd5 10. Qb3 Be6 11. Qxb7 Qd7 12. Qb1 Rab8 13. Qc2 f4 14. exf4
exf4 15. Nxf4 Ndb4 16. cxb4 Nxb4 17. Qc3 Rxf4 18. Bxf4 Nxd3+ 19. Kf1 Qb5 20.
Kg1 Qb1+ 21. Rxb1 Rxb1+ 22. Bf1 1-0

[Event "Motor City Open"]
[Site "East Detroit, Mich."]
[Date "1982.11.26"]
[Round "2"]
[White "O'Donnell, Robert"]
[Black "Moody, David"]
[Result "1-0"]
[WhiteElo "2154"]
[BlackElo "1843"]
[PlyCount "49"]
[EventDate "1982.11.26"]

1. Nf3 f5 2. d4 e6 3. g3 Nf6 4. Bg2 Be7 5. c4 O-O 6. O-O d6 7. Nc3 Nbd7 8. Qc2
e5 9. Qxf5 exd4 10. Nxd4 Ne5 11. Qc2 Qe8 12. Nd5 Bd8 13. f3 Qh5 14. Nf4 Qf7 15.
b3 c6 16. Kh1 Bb6 17. Be3 g5 18. Nd3 Qh5 19. Bg1 Bh3 20. Bxh3 Qxh3 21. Nf2 Qh5
22. Nf5 Nxf3 23. g4 Nxg4 24. Nxg4 Nxg1 25. Ngh6+ 1-0

[Event "Motor City Open"]
[Site "East Detroit, Mich."]
[Date "1982.11.27"]
[Round "4"]
[White "Poschel, Paul"]
[Black "Moody, David"]
[Result "1/2-1/2"]
[WhiteElo "2254"]
[BlackElo "1843"]
[PlyCount "90"]
[EventDate "1982.11.26"]

1. c4 e5 2. Nc3 Nc6 3. e3 Nf6 4. Nf3 Bb4 5. Qc2 O-O 6. Be2 d6 7. O-O Re8 8. d3
Bf5 9. a3 Bxc3 10. Qxc3 e4 11. Nd4 Nxd4 12. Qxd4 exd3 13. Bxd3 Qd7 14. b3 Ne4
15. Bb2 f6 16. Rad1 Re5 17. Bxe4 Bxe4 18. f3 Bc6 19. Qd3 Rg5 20. e4 Qf7 21. Bc1
Re5 22. Bf4 Re6 23. Rc1 Rae8 24. b4 b6 25. a4 Qh5 26. g4 Qh3 27. Bg3 h5 28. b5
Bb7 29. gxh5 f5 30. exf5 Re2 31. Rf2 R8e3 32. Qxe2 Rxe2 33. Rxe2 Bxf3 34. Rf2
Qxh5 35. Rcf1 Be2 36. Re1 Bxc4 37. f6 gxf6 38. Rxf6 Qc5+ 39. Rf2 Qb4 40. Re8+
Kg7 41. Re7+ Kg6 42. Rf4 Qb1+ 43. Re1 Qa2 44. Ree4 Qb1+ 45. Re1 Qa2 1/2-1/2

[Event "Motor City Open"]
[Site "East Detroit, Mich."]
[Date "1982.11.27"]
[Round "3"]
[White "Moody, David"]
[Black "Haakonstad, Olaf"]
[Result "1-0"]
[WhiteElo "1843"]
[BlackElo "1510"]
[PlyCount "45"]
[EventDate "1982.11.26"]

1. e4 e5 2. Nf3 Nc6 3. d4 exd4 4. Bc4 Bb4+ 5. c3 dxc3 6. O-O Nf6 7. bxc3 Be7 8.
Ng5 O-O 9. f4 Na5 10. Nxf7 Rxf7 11. Bxf7+ Kxf7 12. e5 c6 13. exf6 Bxf6 14. Qh5+
Kg8 15. f5 d5 16. Rf3 Nc4 17. Rh3 Qe7 18. Qxh7+ Kf7 19. Qh5+ Kg8 20. Nd2 Qe1+
21. Nf1 Bxc3 22. Be3 g6 23. Qh7+ 1-0

[Event "Motor City Open"]
[Site "East Detroit, Mich."]
[Date "1982.11.28"]
[Round "5"]
[White "Moody, David"]
[Black "Finegold, Mark"]
[Result "1-0"]
[WhiteElo "1843"]
[BlackElo "2109"]
[PlyCount "75"]
[EventDate "1982.11.26"]

1. e4 c6 2. d3 d5 3. Nd2 g6 4. g3 Bg7 5. Bg2 e5 6. Ngf3 Ne7 7. O-O O-O 8. Qe2
Nd7 9. Rd1 b6 10. exd5 cxd5 11. c4 Bb7 12. Rb1 Qc7 13. b3 Rfe8 14. Bb2 d4 15.
Ne4 h6 16. Ba3 Bxe4 17. dxe4 Nc5 18. Bxc5 bxc5 19. Ne1 Nc6 20. a3 Reb8 21. Nd3
Qe7 22. Rd2 Rb7 23. Rdb2 Rab8 24. Qd2 a5 25. f4 Kh7 26. f5 Bf8 27. Qf2 g5 28.
f6 Qe6 29. Qf5+ Kg8 30. Bf3 Rb6 31. h4 gxh4 32. gxh4 R8b7 33. Kh1 Nd8 34. Rg2+
Kh8 35. Rbg1 Qxf5 36. exf5 Rxb3 37. Rg8+ Kh7 38. Rxf8 1-0

[Event "Motor City Open"]
[Site "East Detroit, Mich."]
[Date "1982.11.28"]
[Round "6"]
[White "Moody, David"]
[Black "Beaver, Andrew"]
[Result "1/2-1/2"]
[WhiteElo "1843"]
[BlackElo "2102"]
[PlyCount "49"]
[EventDate "1982.11.26"]

1. e4 e5 2. Nc3 Nf6 3. g3 d5 4. exd5 Nxd5 5. Bg2 Be6 6. Nge2 Nc6 7. O-O Be7 8.
d4 exd4 9. Nxd4 Nxd4 10. Nxd5 Bxd5 11. Qxd4 Bxg2 12. Qxd8+ Rxd8 13. Kxg2 O-O
14. Bf4 Bd6 15. Bxd6 Rxd6 16. Rfd1 Rfd8 17. Rxd6 Rxd6 18. Kf3 Rd2 19. Rc1 f5
20. Ke3 Rd6 21. Ke2 Kf7 22. Rd1 Rxd1 23. Kxd1 Ke6 24. Ke2 Kd5 25. Ke3 1/2-1/2

[Event "7th Ann Arbor Open"]
[Site "Ann Arbor, Mich."]
[Date "1982.12.17"]
[Round "4"]
[White "Thompson, Earl"]
[Black "Moody, David"]
[Result "1-0"]
[WhiteElo "1751"]
[BlackElo "1843"]
[PlyCount "27"]
[EventDate "1982.12.18"]

1. e4 e5 2. Nf3 Nc6 3. Bb5 a6 4. Ba4 Nf6 5. O-O Be7 6. d3 b5 7. Bb3 O-O 8. c3
d5 9. Nbd2 d4 10. Bc2 Bc5 11. c4 b4 12. Ba4 Ne7 13. Nb3 Bd6 14. c5 1-0

[Event "7th Ann Arbor Open"]
[Site "Ann Arbor, Mich."]
[Date "1982.12.18"]
[Round "1"]
[White "Moody, David"]
[Black "Groeller, William"]
[Result "1-0"]
[WhiteElo "1843"]
[BlackElo "2040"]
[PlyCount "66"]
[EventDate "1982.12.18"]

1. e4 c5 2. Nf3 Nc6 3. d3 g6 4. g3 Bg7 5. Bg2 e6 6. O-O Nge7 7. Nc3 O-O 8. Bf4
e5 9. Be3 d6 10. Qd2 Nd4 11. Bh6 Be6 12. Bxg7 Kxg7 13. Ng5 h6 14. Nxe6+ fxe6
15. Ne2 Nec6 16. c3 Nxe2+ 17. Qxe2 Qe7 18. Bh3 Rae8 19. Qg4 h5 20. Qe2 d5 21.
Rad1 d4 22. c4 Qg5 23. Kh1 Nd8 24. Rg1 Kh7 25. Rdf1 Qe7 26. f4 exf4 27. gxf4
Qh4 28. Qg2 Rg8 29. Rf3 Re7 30. Rg3 Reg7 31. f5 Qf6 32. Rg5 exf5 33. exf5 Qc6
1-0

[Event "7th Ann Arbor Open"]
[Site "Ann Arbor, Mich."]
[Date "1982.12.18"]
[Round "2"]
[White "Gregor, Paul"]
[Black "Moody, David"]
[Result "1-0"]
[WhiteElo "2164"]
[BlackElo "1843"]
[PlyCount "137"]
[EventDate "1982.12.18"]

1. e4 e5 2. Nf3 d6 3. d4 Nd7 4. Bc4 c6 5. Nc3 g6 6. dxe5 dxe5 7. Ng5 Nh6 8. Be3
Qe7 9. Qd2 Bg7 10. h3 Nb6 11. Bb3 f6 12. Nf3 Nf7 13. Qe2 Be6 14. Nd2 O-O 15.
O-O f5 16. f3 f4 17. Bf2 g5 18. Rfd1 h5 19. Bxe6 Qxe6 20. a4 Kh7 21. a5 Nd7 22.
Nb3 Rg8 23. Qd3 Rad8 24. Bxa7 Nf6 25. Qe2 Rxd1+ 26. Rxd1 Bf8 27. Kf1 g4 28.
hxg4 hxg4 29. Ke1 gxf3 30. gxf3 Qh3 31. Kd2 Rg2 32. Bf2 Ng4 33. fxg4 Bh6 34.
Ke1 f3 35. Qc4 Qh1+ 36. Qf1 Qh2 37. Rd3 Qf4 38. Kd1 Qxg4 39. Nd2 Ng5 40. Rd6
Nh3 41. Rxh6+ Kxh6 42. Be3+ Kg6 43. Nxf3 Nf2+ 44. Bxf2 Qxf3+ 45. Ke1 Rh2 46.
Qe2 Rh1+ 47. Kd2 Qf4+ 48. Qe3 Qf6 49. Qg3+ Kf7 50. Ke2 Rc1 51. Qd3 Qe6 52. Qf3+
Ke8 53. Kd2 Rf1 54. Nd1 Qd6+ 55. Qd3 Qh6+ 56. Be3 Qh2+ 57. Qe2 Qh3 58. Kc1 Rh1
59. b3 Qg3 60. Bb6 Qg5+ 61. Kb2 Qf4 62. Qd3 Qg4 63. Ne3 Qg1 64. Qd8+ Kf7 65.
Qd7+ Kg8 66. Ka3 Qc1+ 67. Kb4 Qe1+ 68. c3 Rh7 69. Qe8+ 1-0

[Event "7th Ann Arbor Open"]
[Site "Ann Arbor, Mich."]
[Date "1982.12.19"]
[Round "3"]
[White "Moody, David"]
[Black "Dangremond, Leonard"]
[Result "0-1"]
[WhiteElo "1843"]
[BlackElo "1930"]
[PlyCount "52"]
[EventDate "1982.12.18"]

1. e4 e5 2. Nf3 Nc6 3. Bc4 Bc5 4. b4 Bxb4 5. c3 Be7 6. d4 d6 7. dxe5 Nxe5 8.
Nxe5 dxe5 9. Qb3 Nf6 10. Bxf7+ Kf8 11. Nd2 b6 12. O-O Bb7 13. f4 Bc5+ 14. Kh1
Qe7 15. Bh5 Nxh5 16. fxe5+ Ke8 17. e6 Rf8 18. Ba3 Bxa3 19. Qb5+ c6 20. Qxh5+ g6
21. Qh3 Bc8 22. Rxf8+ Kxf8 23. Rf1+ Kg7 24. c4 Bxe6 25. Qc3+ Kg8 26. e5 Bb4 0-1

[Event "Ann Arbor (MI Op/5)"]
[Site "?"]
[Date "1983.??.??"]
[Round "?"]
[White "Zumbrunnen, R.."]
[Black "Rawley, L.."]
[Result "0-1"]
[WhiteElo "2120"]
[BlackElo "2200"]
[PlyCount "90"]
[EventDate "1983.??.??"]

1. e4 e5 2. Nf3 Nc6 3. Bb5 a6 4. Ba4 b5 5. Bb3 Na5 6. O-O d6 7. c3 Nxb3 8. axb3
Bb7 9. Re1 Nf6 10. d4 Be7 11. d5 O-O 12. c4 Re8 13. Bd2 Qb8 14. Ra5 c5 15. cxb5
Bd8 16. Ra3 axb5 17. Rxa8 Qxa8 18. b4 Bb6 19. bxc5 Bxc5 20. b4 Bb6 21. Nh4 Bc8
22. h3 Bd7 23. g4 Rc8 24. Qf3 Rc2 25. g5 Ne8 26. Nf5 Qa7 27. h4 Bxf5 28. exf5
Qa2 29. Nc3 Qc4 30. Re4 Qb3 31. Qd3 Nc7 32. f6 Bd4 33. Qh3 Bxf2+ 34. Kxf2 Rxd2+
35. Re2 Rxe2+ 36. Kxe2 Qc4+ 37. Kd2 Nxd5 38. Nxb5 Qxb4+ 39. Kc1 Qc5+ 40. Kd2
gxf6 41. gxf6 Qf2+ 42. Kc1 Nxf6 43. Qc8+ Kg7 44. Nxd6 Qf4+ 45. Kb1 Qb4+ 0-1

[Event "Ann Arbor (MI Op/1)"]
[Site "?"]
[Date "1983.??.??"]
[Round "?"]
[White "Zumbrunnen, R.."]
[Black "Petty, M.."]
[Result "1-0"]
[WhiteElo "2120"]
[BlackElo "1880"]
[PlyCount "51"]
[EventDate "1983.??.??"]

1. e4 c5 2. Nf3 d6 3. d4 cxd4 4. Nxd4 Bd7 5. Nc3 a6 6. Bc4 Nf6 7. O-O e6 8. Bb3
Nc6 9. f4 Nxd4 10. Qxd4 Rc8 11. Kh1 d5 12. exd5 Bc5 13. Qe5 O-O 14. dxe6 Ng4
15. Qe2 Qh4 16. h3 Nf2+ 17. Rxf2 Bxf2 18. exd7 Rc6 19. Ne4 Bb6 20. Ng5 Rf6 21.
Be3 Bc7 22. Rg1 h6 23. g3 hxg5 24. gxh4 gxf4 25. Qg4 Rg6 26. Qxg6 1-0

[Event "Ann Arbor (MI Op/4)"]
[Site "?"]
[Date "1983.??.??"]
[Round "?"]
[White "Zumbrunnen, R.."]
[Black "Pegeron, J.."]
[Result "1-0"]
[WhiteElo "2120"]
[BlackElo "1935"]
[PlyCount "41"]
[EventDate "1983.??.??"]

1. b3 d5 2. Bb2 Nf6 3. f4 c5 4. Nf3 e6 5. e3 Be7 6. d4 O-O 7. Bd3 b6 8. Qe2 Nc6
9. Ne5 Bb7 10. Nxc6 Bxc6 11. Nd2 cxd4 12. exd4 Bd6 13. O-O Nd7 14. Rae1 Qh4 15.
g3 Qh6 16. Nf3 Bc7 17. Ne5 Nxe5 18. fxe5 Qg5 19. Ba3 Rfc8 20. Kg2 Qd8 21. Rxf7
1-0

[Event "Ann Arbor (MI Op/2)"]
[Site "?"]
[Date "1983.??.??"]
[Round "?"]
[White "Zacks, Naum"]
[Black "Proszkow, T.."]
[Result "0-1"]
[WhiteElo "1910"]
[BlackElo "1680"]
[PlyCount "140"]
[EventDate "1983.??.??"]

1. c4 Nf6 2. g3 g6 3. Bg2 Bg7 4. Nc3 d6 5. d4 O-O 6. Bg5 h6 7. Bf4 Nbd7 8. Nf3
c6 9. Qc1 Kh7 10. h4 Nh5 11. Be3 e5 12. g4 Nf4 13. Bxf4 exf4 14. Qxf4 Nb6 15.
Nd2 f5 16. g5 h5 17. O-O Be6 18. b3 Qd7 19. Rac1 Rad8 20. Rfd1 Qf7 21. Nf1 Qe8
22. Rd3 Qd7 23. Ng3 Rde8 24. c5 Nc8 25. cxd6 Nxd6 26. d5 cxd5 27. Nxd5 Bxd5 28.
Bxd5 Qe7 29. Qf3 Ne4 30. Nxh5 Nxg5 31. hxg5 Qxg5+ 32. Ng3 Qxc1+ 33. Kh2 Qh6+
34. Kg2 Re7 35. Rd1 Qg5 36. e3 Be5 37. Rh1+ Kg7 38. Kf1 Bxg3 39. Rg1 f4 40. e4
Qe5 41. Kg2 Bxf2 42. Kxf2 Qb2+ 43. Kf1 Qc1+ 44. Kf2 Qd2+ 45. Kf1 Qc1+ 46. Kf2
Qe3+ 47. Qxe3 fxe3+ 48. Kxe3 b6 49. Rg2 Re5 50. Kd4 Rh5 51. Rc2 Rh7 52. Ke5 g5
53. Ke6 Rf6+ 54. Ke5 Kg6 55. Rc8 g4 56. Kd4 g3 57. e5 Rf2 58. Be4+ Kg7 59. Bxh7
Kxh7 60. Ke3 Rxa2 61. e6 g2 62. Rc1 Kg7 63. Kd4 Kf6 64. Re1 Ke7 65. Kc3 Rf2 66.
Rg1 Kxe6 67. Kc4 a6 68. Kb4 Kd5 69. Kc3 Ke4 70. Re1+ Kf3 0-1

[Event "Ann Arbor (MI Op/4)"]
[Site "?"]
[Date "1983.??.??"]
[Round "?"]
[White "Zacks, Naum"]
[Black "Dangremond, Leonard"]
[Result "1-0"]
[WhiteElo "1910"]
[BlackElo "1945"]
[PlyCount "83"]
[EventDate "1983.??.??"]

1. e4 e5 2. d4 exd4 3. Qxd4 Nc6 4. Qe3 Nf6 5. e5 Nd5 6. Qe4 Nb6 7. Nf3 Be7 8.
c4 O-O 9. Nc3 f5 10. Qc2 d5 11. cxd5 Nb4 12. Qb3 N4xd5 13. Be3 c6 14. Bxb6 Qxb6
15. Nxd5 cxd5 16. Qxb6 axb6 17. Bb5 Bb4+ 18. Ke2 Rf7 19. Rhd1 Re7 20. a3 Bd6
21. Rxd5 Bc7 22. Rad1 Be6 23. R5d3 Ra5 24. Ng5 g6 25. a4 Rxb5 26. axb5 Bc4 27.
f4 Bxb5 28. Ke3 Bxd3 29. Rxd3 h6 30. Nf3 Kf7 31. Nd4 h5 32. Nb5 Ke6 33. Rc3 Bd8
34. Rc8 Rd7 35. Nd4+ Ke7 36. Nb5 Rd5 37. Nd6 Rc5 38. Rb8 Rc2 39. Rxb7+ Kf8 40.
Rf7+ Kg8 41. Rd7 Bc7 42. Ne8 1-0

[Event "East Detroit (MCO/2)"]
[Site "?"]
[Date "1983.??.??"]
[Round "?"]
[White "Yuhas, L.."]
[Black "Turner, George"]
[Result "0-1"]
[WhiteElo "1755"]
[BlackElo "2100"]
[PlyCount "81"]
[EventDate "1983.??.??"]

1. e4 Nf6 2. Nc3 e5 3. f4 d5 4. fxe5 Nxe4 5. Nf3 Bg4 6. d3 Nxc3 7. bxc3 Be7 8.
d4 O-O 9. Bd3 f6 10. exf6 Bxf3 11. Qxf3 Rxf6 12. Qh3 g6 13. Rf1 Qd7 14. Rxf6
Bxf6 15. Qf3 Bg7 16. Kf1 Nc6 17. Ba3 Bf8 18. Bb2 Be7 19. Kg1 Rf8 20. Qe2 Bd6
21. a3 Ne7 22. c4 c6 23. cxd5 Nxd5 24. Bc4 b5 25. Bb3 Qe8 26. Re1 Qxe2 27. Rxe2
Kf7 28. a4 b4 29. c3 bxc3 30. Bxc3 Rb8 31. Ba2 Bb4 32. Rb2 a5 33. Kf2 Ke7 34.
Bxd5 Rf8+ 35. Bf3 Bxc3 36. Rb7+ Kd6 37. Ke3 Rf6 38. Rb1 Rf8 39. Kd3 Bb4 40. d5
Kc5 41. g4 0-1

[Event "East Detroit (MCO/4)"]
[Site "?"]
[Date "1983.??.??"]
[Round "?"]
[White "Yuhas, L.."]
[Black "Carroll, Deuvoy"]
[Result "0-1"]
[WhiteElo "1755"]
[BlackElo "1975"]
[PlyCount "40"]
[EventDate "1983.??.??"]

1. e4 Nf6 2. Nc3 e5 3. f4 d6 4. Nf3 Bg4 5. Bc4 Nc6 6. O-O Nd4 7. fxe5 Bxf3 8.
gxf3 dxe5 9. d3 Qd7 10. Ne2 Bc5 11. Kh1 O-O-O 12. c3 Ne6 13. b4 Be7 14. a4 Nh5
15. Be3 g5 16. Bxa7 Nef4 17. Ng1 Qc6 18. Qc2 Rd6 19. Bb5 Ng3+ 20. hxg3 Rh6+ 0-1